000 00474nam a2200169Ia 4500
999 _c12329
_d12329
003 OSt
005 20201030113145.0
008 190216s9999||||xx |||||||||||||| ||und||
040 _coclc
082 _a873.01
_bVIR/A
100 _aVirgil
_96164
245 4 _aThe Aeneid /
_cVirgil ; Wendell Clausen
260 _bWashington Square Press,
_aNew York:
_c1965.
300 _a250p
650 _aEnglish
942 _cBK
_2ddc
_h873.01
_iVIR/A
_k873.01
_mVIR/A